• 首页
  • 本馆介绍
  • 公告通知
  • 最新文献
  • 馆藏检索
  • 电子资源
  • 读者导购
  • 参考咨询
  • 我的图书馆
  • 登录
  • 详细信息显示
  • 放入我的书架
  • 预约/预借图书
  • 作者相关作品
  • 分类相关作品
  • 丛书相关作品
  • 出版社相关作品

书目信息

  • 表格格式
  • 工作单格式
  • 卡片格式
题名:
手筋的发现
    
 
作者: 石田芳夫 著 ;赵建军 , 杨真 译
分册:  
出版信息: 北京   北京日报出版社  1989.7
页数: 168页
开本: 19厘米
丛书名:
单 册:
中图分类: G891.3
科图分类: 39.9962
主题词: 围棋-对局(棋类运动) , 对局(棋类运动)-围棋
电子资源:
ISBN: 7-80502-326-3
000 00803nam0 2200265 45
001 0190018159
005 20070714101820.54
010    @a7-80502-326-3@dCNY2.10
100    @a19921223d1989 em y0chiy0121 ea
101 1  @achi@cjpn
102    @aCN@b110000
105    @aa z 000yy
200 10 @a手筋的发现@ASHOU JIN DE FA XIAN@f(日)石田芳夫著@F( RI ) SHI TIAN FANG FU ZHU@g赵建军,杨 真译
210    @a北京@c北京日报出版社@d1989.7
215    @a168页@d19厘米
540 1  @a手筋 发现@ASHOU JIN FA XIAN
606    @a围棋-对局(棋类运动)
606    @a对局(棋类运动)-围棋
690    @aG891.3@v三版
692    @a39.9962
701  0 @a石田芳夫@ASHI TIAN FANG FU@4著
702  0 @a赵建军@AZHAO JIAN JUN@4译
702  0 @a杨真@AYANG ZHEN@4译
801  0 @aCN@bTSSF@c20070714
905    @a10447@dG891.3@e260
    
    手筋的发现/(日)石田芳夫著/赵建军,杨 真译.-北京:北京日报出版社,1989.7
    168页;19厘米
    
    
    ISBN 7-80502-326-3:CNY2.10
    
●
相关链接 在E读中查询图书 在五车中查询图书 在当当中查询图书 在豆瓣中查询图书


正题名:手筋的发现     索取号:G891.3/260         预约/预借

序号 登录号 条形码 馆藏地/架位号 状态 备注
1 0766020   207660208   第一样本阅览室/ [索取号:G891.3/260] 在馆    
唐山师范学院图书馆 欢迎您!
大连网信软件有限公司© 版权所有